| 000 | 00461nam a2200181Ia 4500 | ||
|---|---|---|---|
| 001 | 8305 | ||
| 005 | 20260306160559.0 | ||
| 008 | 260306t2011||||xx |||||||||||||| ||spa|| | ||
| 041 | _aESP | ||
| 082 |
_a370.153 _bA49 |
||
| 100 |
_aÁlvarez González, Manuel _eAUT |
||
| 245 | 0 | _aDiseño y evaluación de programas de educación emocional | |
| 260 | _c2011 | ||
| 300 |
_a231 páginas : _c24 cm. |
||
| 650 | _aGEN | ||
| 654 | _aCED | ||
| 942 |
_cLIB _dJUS _fJUS _2ddc _n |
||
| 999 |
_c8305 _d8305 |
||